00803nam a2200169 a 450000100100000000500170001000800410002704000250006808200150009324501830010826001420029130000280043350400270046104900090048895201210049799900150061800000539820200929151651.0090819s1989 dr a 000 0 spa d aDO-SdBNPbspacBNPHU axxxxbM29400aManual inspección de obras dañadas por corrosión de armaduras :bprograma temático del consejo de investigación científicas, corrosión y protección de materiales. aMadrid, España :bCentro Nacional de Investigación Metalurgicas ;bInstituto Eduardo Torroja de Ciencias de la Construcción,c1989. a122 p. :bil. ;c25 cm. aBibliografía : p. 94 aBNPD 001054708PDaGRbGRcHDd2009-08-19iLF1l0oxxxx M294p5398-10r2020-06-25w2020-06-25yLFPDZPréstamo en sala c5198d5198